000 00853nam a22002177a 4500
003 OSt
005 20251104084046.0
008 251030b |||||||| |||| 00| 0 eng d
040 _c0
082 _aDPer 371.91 J826 July-October 2022 v. 27 n. 3-4
100 _aWu, Yang.
_eauthor.
_969059
245 _aTraining college students with hearing loss in theory of mind /
_cYang Wu, Xiping Liu, Shengnan Zhang and Rubo Zhong.
260 _aUSA ;
_bOxford University Press ,
_cOctober 2022.
300 _aVolume 27, pages 423-433 :
_billustration ;
_c28 cm.
500 _aJournal of Deaf Studies and Deaf Education, vol. 37, no. 4, pages 423-433 , October 2022.
700 _aWu, Yang.
_eauthor.
_952586
710 _aLiu, Xiping.
_eauthor.
_969060
711 _aZhang, Shengnan.
_jauthor.
_969061
711 _aZhong, Rubo.
_jauthor.
_969062
942 _2ddc
_cPER
999 _c24113
_d24113